| 000 | 00485nam a22001937a 4500 | ||
|---|---|---|---|
| 003 | OSt | ||
| 005 | 20140310182333.0 | ||
| 008 | 130316t xxu||||| |||| 00| 0 eng d | ||
| 020 | _a0710507852 | ||
| 050 |
_aQ L49 _b.Am15w |
||
| 082 |
_aQL49 _bAm15w 19 |
||
| 245 | _aThe amazing world of living things / | ||
| 260 |
_aEngland: _bPeter Haddock Ltd., _c19 |
||
| 300 |
_c29 cm. _a125 p. : _bill. ; |
||
| 526 | _c600L to730L | ||
| 562 | _e1 | ||
| 942 |
_2lcc _cBK-GS |
||
| 999 |
_c12009 _d12009 |
||